[Event "Rhein Main op-A 22nd"]
[Site "Bad Homburg"]
[Date "2019.06.22"]
[Round "5"]
[White "Lahouel, Kim Luca"]
[Black "Rolf, Marco"]
[Result "1-0"]
[WhiteElo "1974"]
[BlackElo "2098"]
[PlyCount "83"]
[EventDate "2019.06.19"]
[EventType "swiss"]
[EventRounds "9"]
[EventCountry "GER"]
[SourceTitle "EXT 2020"]
[Source "ChessBase"]
[SourceDate "2019.10.17"]
[SourceVersion "1"]
[SourceVersionDate "2019.10.17"]
[SourceQuality "1"]

1. e4 e6 2. d4 d5 3. e5 c5 4. c3 Nc6 5. Nf3 Bd7 6. Be2 Nge7 7. Na3 Ng6 8. Nc2 cxd4 9. cxd4 Be7 10. 0-0 0-0 11. Bd3 f6 12. exf6 Bxf6 13. Bxg6 hxg6 14. Qd3 g5 15. Ne3 Qe8 16. Ng4 Qh5 17. h3 Rac8 18. Bd2 a6 19. a4 Ne7 20. Bb4 Ng6 21. Bxf8 Nf4 22. Qe3 Rxf8 23. Nfe5 Be8 24. Nd3 Bxd4 25. Nxf4 Bxe3 26. Nxh5 Bd4 27. Ng3 Bxb2 28. Rab1 Bc3 29. Ne2 Ba5 30. Rxb7 Bxa4 31. Nd4 Bc3 32. Nxe6 Re8 33. Rb6 d4 34. Rd6 Bb5 35. Rc1 Bb2 36. Rc7 d3 37. Nxg7 Bxg7 38. Rg6 Re1+ 39. Kh2 Kf8 40. Rgxg7 d2 41. Nf6 Rh1+ 42. Kg3 1-0

[Event "Rhein Main op-A 22nd"]
[Site "Bad Homburg"]
[Date "2019.06.20"]
[Round "3"]
[White "Rump, Andreas"]
[Black "Rolf, Marco"]
[Result "1/2-1/2"]
[WhiteElo "1953"]
[BlackElo "2098"]
[PlyCount "141"]
[EventDate "2019.06.19"]
[EventType "swiss"]
[EventRounds "9"]
[EventCountry "GER"]
[SourceTitle "EXT 2020"]
[Source "ChessBase"]
[SourceDate "2019.10.17"]
[SourceVersion "1"]
[SourceVersionDate "2019.10.17"]
[SourceQuality "1"]

1. d4 d5 2. c4 c6 3. cxd5 cxd5 4. Nf3 Nf6 5. e3 Nc6 6. Nc3 Bf5 7. Bd3 Bxd3 8. Qxd3 e6 9. 0-0 Be7 10. a3 0-0 11. b4 Rc8 12. Bb2 Nd7 13. e4 Nb6 14. e5 Nc4 15. Bc1 Qb6 16. Na4 Qb5 17. Nc3 Qb6 18. Na4 Qd8 19. Nc3 a6 20. Nd2 b5 21. f4 a5 22. bxa5 Nxd4 23. Kh1 Nxd2 24. Bxd2 Nb3 25. Ra2 Nxd2 26. Qxd2 b4 27. Nb5 Qxa5 28. Nd4 Qa6 29. Rf3 bxa3 30. h3 Qc4 31. Rc2 Qb4 32. Nc6 Rxc6 33. Qxb4 Bxb4 34. Rxc6 Ra8 35. Rf1 g5 36. fxg5 d4 37. Ra1 Bc3 38. Ra2 Bb2 39. Rd6 Ra5 40. Kg1 Rxe5 41. h4 Kg7 42. Kf2 Re4 43. g3 Kg6 44. Rb6 Kf5 45. Rbxb2 axb2 46. Rxb2 Kg4 47. Rb7 Re3 48. Rxf7 Rxg3 49. Rxh7 Rf3+ 50. Ke2 Re3+ 51. Kd2 Kf5 52. Rf7+ Kg6 53. Rf4 e5 54. Rg4 Rh3 55. Ke2 Ra3 56. Rg1 e4 57. Rd1 Ra2+ 58. Rd2 Ra4 59. Rb2 Kh5 60. Rb5 Ra2+ 61. Ke1 d3 62. Rd5 Kg4 63. g6 Kf3 64. g7 Ke3 65. Kf1 Ra8 66. h5 d2 67. h6 Kf3 68. Kg1 Kg3 69. Kf1 Kf3 70. Kg1 Kg3 71. Kf1 1/2-1/2

[Event "Frankfurt-chA"]
[Site "Frankfurt"]
[Date "2019.06.17"]
[Round "7"]
[White "Rolf, Marco"]
[Black "Steudel, Max"]
[Result "1/2-1/2"]
[WhiteElo "2026"]
[BlackElo "1970"]
[PlyCount "103"]
[EventDate "2019.04.29"]
[EventType "swiss"]
[EventRounds "7"]
[EventCountry "GER"]
[SourceTitle "EXT 2020"]
[Source "ChessBase"]
[SourceDate "2019.10.17"]
[SourceVersion "1"]
[SourceVersionDate "2019.10.17"]
[SourceQuality "1"]

1. d4 d5 2. c4 e6 3. Nc3 Be7 4. Nf3 Nf6 5. Bg5 0-0 6. cxd5 Nxd5 7. Bxe7 Qxe7 8. e4 Nxc3 9. bxc3 c5 10. Be2 b6 11. 0-0 cxd4 12. cxd4 Bb7 13. Bd3 Nd7 14. Qd2 Nf6 15. Qf4 Rfd8 16. Rfe1 Rac8 17. Rad1 Nd7 18. Bb1 Qf6 19. Qg3 Nf8 20. d5 exd5 21. e5 Qe7 22. Nd4 Ng6 23. Nf5 Qb4 24. h4 Rc3 25. f3 Bc8 26. Qg5 Rf8 27. h5 h6 28. Nxh6+ gxh6 29. Qf6 Qe7 30. hxg6 Qxf6 31. exf6 fxg6 32. Rxd5 Rxf6 33. Be4 Be6 34. Rd6 Kf7 35. Bd5 Bxd5 36. Rd7+ Kg8 37. Rxd5 Rf7 38. Re6 Kh7 39. Rdd6 Rg7 40. f4 Rc5 41. g4 Rf7 42. f5 gxf5 43. Rxh6+ Kg8 44. g5 f4 45. g6 Rf8 46. Rd7 f3 47. Rh8+ Kxh8 48. g7+ Kg8 49. gxf8Q+ Kxf8 50. Rxa7 Ra5 51. Rb7 Rxa2 52. Rxb6 1/2-1/2